[Event "Tancats Societat Coral Colon 2009 - GM"]
[Site "Sabadell ESP"]
[Date "2009.02.20"]
[Round "5.5"]
[White "Fluvia Poyatos, Jordi"]
[Black "Almeida Quintana, Omar"]
[Result "1/2-1/2"]
[WhiteElo "2454"]
[BlackElo "2521"]
[PlyCount "80"]
[EventDate "2009.01.23"]
[EventType "tourn"]
[EventRounds "9"]
[EventCountry "ESP"]
[EventCategory "9"]
[Source "lmi"]
[SourceDate "2009.01.23"]

1. e4 g6 2. d4 Bg7 3. c3 d6 4. Nf3 Nf6 5. Bd3 O-O 6. O-O Nc6 7. d5 Nb8 8. c4 e5
9. Nc3 h6 10. Rb1 a5 11. a3 Nh5 12. Re1 Nf4 13. Bc2 Qf6 14. g3 Nh3+ 15. Kg2 Bg4
16. Qd3 Na6 17. Qe3 Qd8 18. Ng1 Nxg1 19. Rxg1 f5 20. exf5 Bxf5 21. Ne4 Qe8 22.
f3 Nc5 23. Qe2 Qf7 24. g4 Bxe4 25. Bxe4 a4 26. Be3 Nxe4 27. fxe4 b6 28. Rbf1
Qe7 29. Rxf8+ Rxf8 30. Rf1 Rxf1 31. Qxf1 Bf6 32. Bxh6 Bg5 33. Bxg5 Qxg5 34. Kg3
Kg7 35. h4 Qe3+ 36. Qf3 Qg1+ 37. Kh3 Qc1 38. g5 Kg8 39. Kg4 Qg1+ 40. Kh3 Qc1
1/2-1/2

[Event "Tancats Societat Coral Colon 2009 - GM"]
[Site "Sabadell ESP"]
[Date "2009.02.27"]
[Round "6.1"]
[White "Rodriguez, Amador"]
[Black "Almeida Quintana, Omar"]
[Result "1/2-1/2"]
[WhiteElo "2479"]
[BlackElo "2521"]
[PlyCount "49"]
[EventDate "2009.01.23"]
[EventType "tourn"]
[EventRounds "9"]
[EventCountry "ESP"]
[EventCategory "9"]
[Source "lmi"]
[SourceDate "2009.01.23"]

1. Nf3 g6 2. c4 Bg7 3. d4 d6 4. Nc3 Nf6 5. e4 O-O 6. Be2 c5 7. O-O Na6 8. d5 e6
9. dxe6 Bxe6 10. Bf4 Qb6 11. Qd2 Rfe8 12. Rad1 Rad8 13. Rfe1 Nb4 14. Qc1 Nh5
15. Bg5 Rc8 16. a3 Na6 17. Nb5 Bf8 18. Qd2 Bd7 19. e5 Re6 20. Nxd6 Bxd6 21.
exd6 f6 22. Bh6 Rc6 23. Qc3 Rcxd6 24. Bf1 Qd8 25. Rxd6 1/2-1/2

[Event "Tancats Societat Coral Colon 2009 - GM"]
[Site "Sabadell ESP"]
[Date "2009.02.27"]
[Round "6.2"]
[White "Moskalenko, Viktor"]
[Black "Fluvia Poyatos, Jordi"]
[Result "1-0"]
[WhiteElo "2538"]
[BlackElo "2454"]
[PlyCount "83"]
[EventDate "2009.01.23"]
[EventType "tourn"]
[EventRounds "9"]
[EventCountry "ESP"]
[EventCategory "9"]
[Source "lmi"]
[SourceDate "2009.01.23"]

1. c4 e5 2. Nc3 Nf6 3. Nf3 Nc6 4. e3 Bb4 5. d4 d6 6. Be2 O-O 7. O-O Re8 8. Nd5
e4 9. Nd2 Nxd5 10. cxd5 Bxd2 11. dxc6 Ba5 12. Bd2 Qg5 13. cxb7 Bxb7 14. Bxa5
Qxa5 15. b4 Qg5 16. Rc1 c6 17. Qa4 Re6 18. Ba6 Rg6 19. g3 Bxa6 20. Qxa6 Qg4 21.
Rxc6 d5 22. Rfc1 h5 23. Qb7 Rd8 24. Rc8 Rgd6 25. h4 Kh7 26. Rxd8 Rxd8 27. Qxf7
Rd6 28. Qf4 Qd7 29. Qg5 Qf7 30. Qe5 Rd7 31. b5 Qg6 32. Qg5 Qf7 33. Qf4 Qxf4 34.
gxf4 Kg6 35. Kg2 Kf5 36. Kh3 g6 37. a4 Rd6 38. Rc5 a6 39. bxa6 Rxa6 40. Rxd5+
Kf6 41. a5 Rc6 42. Rc5 1-0

[Event "Tancats Societat Coral Colon 2009 - GM"]
[Site "Sabadell ESP"]
[Date "2009.02.27"]
[Round "6.3"]
[White "Panelo, Marcelo"]
[Black "Aloma Vidal, Robert"]
[Result "1-0"]
[WhiteElo "2425"]
[BlackElo "2399"]
[PlyCount "95"]
[EventDate "2009.01.23"]
[EventType "tourn"]
[EventRounds "9"]
[EventCountry "ESP"]
[EventCategory "9"]
[Source "lmi"]
[SourceDate "2009.01.23"]

1. d4 Nf6 2. c4 g6 3. Nc3 Bg7 4. e4 d6 5. Nf3 O-O 6. h3 Na6 7. Bg5 c5 8. d5 Qa5
9. Nd2 Nc7 10. a3 h6 11. Be3 Nd7 12. Be2 e6 13. O-O exd5 14. exd5 f5 15. b4 Qb6
16. Ndb1 Ne8 17. Qc1 g5 18. f4 gxf4 19. Rxf4 Be5 20. Rh4 f4 21. Bf2 Ng7 22.
Rxh6 Nf6 23. Nd2 Bf5 24. Nf3 Bxc3 25. Qxc3 Ne4 26. Qe1 Rae8 27. bxc5 Qb2 28.
Bd4 Qc2 29. Rc1 Qa2 30. Qh4 dxc5 31. Rh8+ Kf7 32. Bxg7 Kxg7 33. Qh6+ Kf7 34.
Rxf8+ Rxf8 35. Ng5+ Nxg5 36. Bh5+ Kg8 37. Qxg5+ Kh8 38. Qxf4 Rg8 39. Qe5+ Rg7
40. Bf3 Qxa3 41. Re1 Bd7 42. d6 Qd3 43. Qh5+ Rh7 44. Re8+ Bxe8 45. Qxe8+ Kg7
46. Qe7+ Kg8 47. Bd5+ Qxd5 48. Qe8+ 1-0

[Event "Tancats Societat Coral Colon 2009 - GM"]
[Site "Sabadell ESP"]
[Date "2009.02.27"]
[Round "6.5"]
[White "Cruz, Cristhian"]
[Black "Perpinya Rofes, Lluis Maria"]
[Result "0-1"]
[WhiteElo "2545"]
[BlackElo "2381"]
[PlyCount "78"]
[EventDate "2009.01.23"]
[EventType "tourn"]
[EventRounds "9"]
[EventCountry "ESP"]
[EventCategory "9"]
[Source "lmi"]
[SourceDate "2009.01.23"]

1. d4 Nf6 2. c4 g6 3. Nc3 Bg7 4. g3 d5 5. Bg2 dxc4 6. Qa4+ Nfd7 7. Nf3 Nc6 8.
Qxc4 Nb6 9. Qd3 Nxd4 10. Nxd4 Qxd4 11. Qxd4 Bxd4 12. Nb5 Be5 13. Bf4 Bxf4 14.
gxf4 Kd8 15. O-O-O+ Nd7 16. h4 c6 17. Nd4 Kc7 18. h5 Rf8 19. Nf3 Nf6 20. h6 Be6
21. Ng5 Bxa2 22. e4 Rad8 23. Bf3 Bb3 24. Rxd8 Rxd8 25. e5 Nd5 26. Nxf7 Rf8 27.
Ng5 Nxf4 28. Nxh7 Rh8 29. Ng5 Nd3+ 30. Kd2 Nxe5 31. Be4 Ng4 32. h7 Nxf2 33. Rh4
Nxe4+ 34. Rxe4 e6 35. Ke3 Bd5 36. Ra4 a6 37. Kd4 Rf8 38. Ra3 c5+ 39. Kxc5 Rf4
0-1

[Event "Tancats Societat Coral Colon 2009 - GM"]
[Site "Sabadell ESP"]
[Date "2009.03.06"]
[Round "7.1"]
[White "Perpinya Rofes, Lluis Maria"]
[Black "Rodriguez, Amador"]
[Result "1-0"]
[WhiteElo "2381"]
[BlackElo "2479"]
[PlyCount "81"]
[EventDate "2009.01.23"]
[EventType "tourn"]
[EventRounds "9"]
[EventCountry "ESP"]
[EventCategory "9"]
[Source "lmi"]
[SourceDate "2009.01.23"]

1. e4 e5 2. Nf3 Nc6 3. Bb5 a6 4. Ba4 Nf6 5. O-O Be7 6. Re1 b5 7. Bb3 d6 8. c3
O-O 9. h3 Na5 10. Bc2 c5 11. d4 Qc7 12. Nbd2 Rd8 13. b3 Bd7 14. Nf1 c4 15. b4
exd4 16. Nxd4 Nc6 17. Ne3 Re8 18. Nef5 Nxd4 19. Nxe7+ Rxe7 20. Qxd4 Bc6 21. Bf4
Re6 22. a4 Rae8 23. axb5 Bxb5 24. Rad1 Qc6 25. f3 Rd8 26. e5 Rde8 27. Bf5 dxe5
28. Rxe5 Rxe5 29. Bxe5 h6 30. Kf2 Kf8 31. Bd6+ Kg8 32. Be5 Kf8 33. Bxf6 Qxf6
34. Qxf6 gxf6 35. Rd4 Ra8 36. Be4 Ra7 37. Rd8+ Ke7 38. Rh8 Be8 39. Rxh6 a5 40.
bxa5 Rxa5 41. Ke3 1-0

[Event "Tancats Societat Coral Colon 2009 - GM"]
[Site "Sabadell ESP"]
[Date "2009.03.06"]
[Round "7.3"]
[White "Aloma Vidal, Robert"]
[Black "Cruz, Filemon"]
[Result "1/2-1/2"]
[WhiteElo "2399"]
[BlackElo "2411"]
[PlyCount "121"]
[EventDate "2009.01.23"]
[EventType "tourn"]
[EventRounds "9"]
[EventCountry "ESP"]
[EventCategory "9"]
[Source "lmi"]
[SourceDate "2009.01.23"]

1. Nf3 Nf6 2. c4 e6 3. g3 d5 4. Bg2 Be7 5. O-O O-O 6. b3 b6 7. Bb2 Bb7 8. Na3
Nbd7 9. Rc1 c5 10. d4 Rc8 11. cxd5 exd5 12. Nb5 Ne4 13. dxc5 bxc5 14. Ne5 Nxe5
15. Bxe5 Qb6 16. Bxe4 dxe4 17. Qd7 Bg5 18. Nd6 Bxc1 19. Rxc1 Rcd8 20. Qe7 f6
21. Bf4 Bc8 22. h4 e3 23. f3 Qa6 24. Rc2 Qc6 25. Rc3 c4 26. bxc4 Qa4 27. Rd3
Qxa2 28. Nf5 Bxf5 29. Rxd8 Rxd8 30. Qxd8+ Kf7 31. Qc7+ Kg8 32. Qb8+ Kf7 33.
Qb7+ Ke8 34. Qc6+ Kf7 35. Qb7+ Ke8 36. Qb5+ Bd7 37. Qb8+ Kf7 38. Bxe3 Qxe2 39.
Qxa7 Kg6 40. g4 Bxg4 41. fxg4 Qxg4+ 42. Kf2 Qxh4+ 43. Kf3 Qxc4 44. Qd7 h6 45.
Qe8+ Kh7 46. Qd7 Qf1+ 47. Bf2 Qh1+ 48. Kg3 Qe4 49. Qg4 Qd3+ 50. Qf3 Qxf3+ 51.
Kxf3 g5 52. Ke4 Kg6 53. Bc5 h5 54. Bd6 f5+ 55. Ke5 h4 56. Bc5 h3 57. Bg1 f4 58.
Ke4 Kh6 59. Kf3 Kh5 60. Bh2 Kh6 61. Bg1 1/2-1/2

[Event "Tancats Societat Coral Colon 2009 - GM"]
[Site "Sabadell ESP"]
[Date "2009.03.06"]
[Round "7.4"]
[White "Fluvia Poyatos, Jordi"]
[Black "Panelo, Marcelo"]
[Result "1/2-1/2"]
[WhiteElo "2454"]
[BlackElo "2425"]
[PlyCount "26"]
[EventDate "2009.01.23"]
[EventType "tourn"]
[EventRounds "9"]
[EventCountry "ESP"]
[EventCategory "9"]
[Source "lmi"]
[SourceDate "2009.01.23"]

1. e4 c5 2. Nf3 d6 3. Nc3 a6 4. g3 Nc6 5. d4 Bg4 6. d5 Nd4 7. Bg2 g6 8. h3 Bxf3
9. Bxf3 Nxf3+ 10. Qxf3 Bg7 11. Bf4 Nf6 12. e5 Nh5 13. exd6 Nxf4 1/2-1/2

[Event "Tancats Societat Coral Colon 2009 - GM"]
[Site "Sabadell ESP"]
[Date "2009.03.06"]
[Round "7.5"]
[White "Almeida Quintana, Omar"]
[Black "Moskalenko, Viktor"]
[Result "1/2-1/2"]
[WhiteElo "2521"]
[BlackElo "2538"]
[PlyCount "36"]
[EventDate "2009.01.23"]
[EventType "tourn"]
[EventRounds "9"]
[EventCountry "ESP"]
[EventCategory "9"]
[Source "lmi"]
[SourceDate "2009.01.23"]

1. d4 e6 2. c4 f5 3. g3 Nf6 4. Bg2 d5 5. Nd2 c6 6. Nh3 Bd6 7. O-O O-O 8. Qc2
Qe7 9. Nf3 Ne4 10. Bf4 Nd7 11. Rac1 a5 12. Bxd6 Nxd6 13. b3 a4 14. Nf4 axb3 15.
axb3 dxc4 16. bxc4 e5 17. dxe5 Nxe5 18. Nxe5 Qxe5 1/2-1/2

[Event "Tancats Societat Coral Colon 2009 - GM"]
[Site "Sabadell ESP"]
[Date "2009.03.13"]
[Round "8.2"]
[White "Panelo, Marcelo"]
[Black "Almeida Quintana, Omar"]
[Result "1/2-1/2"]
[WhiteElo "2425"]
[BlackElo "2521"]
[PlyCount "72"]
[EventDate "2009.01.23"]
[EventType "tourn"]
[EventRounds "9"]
[EventCountry "ESP"]
[EventCategory "9"]
[Source "lmi"]
[SourceDate "2009.01.23"]

1. d4 Nf6 2. c4 c5 3. d5 e6 4. Nc3 exd5 5. cxd5 d6 6. e4 g6 7. h3 Bg7 8. Nf3 a6
9. a4 Nbd7 10. Bd3 Nh5 11. Bg5 Bf6 12. Bh6 Ne5 13. Be2 Nxf3+ 14. Bxf3 Ng7 15.
O-O O-O 16. Qd2 Bd7 17. Bf4 Qe7 18. a5 Be5 19. Bg4 Bxg4 20. hxg4 f6 21. g3 h5
22. Bxe5 fxe5 23. f3 Rf6 24. Rf2 Raf8 25. Raf1 Qd7 26. Qg5 hxg4 27. fxg4 Rxf2
28. Rxf2 Rxf2 29. Kxf2 Kf7 30. Kg2 Ne8 31. Qh4 Qc7 32. g5 Qxa5 33. Qh3 Qb4 34.
Kf3 Qxb2 35. Nd1 Qc1 36. Ne3 Kf8 1/2-1/2

[Event "Tancats Societat Coral Colon 2009 - GM"]
[Site "Sabadell ESP"]
[Date "2009.03.13"]
[Round "8.3"]
[White "Cruz, Filemon"]
[Black "Fluvia Poyatos, Jordi"]
[Result "1/2-1/2"]
[WhiteElo "2411"]
[BlackElo "2454"]
[PlyCount "113"]
[EventDate "2009.01.23"]
[EventType "tourn"]
[EventRounds "9"]
[EventCountry "ESP"]
[EventCategory "9"]
[Source "lmi"]
[SourceDate "2009.01.23"]

1. d4 Nf6 2. Nf3 g6 3. g3 Bg7 4. Bg2 O-O 5. O-O d5 6. Nbd2 c6 7. c3 Nbd7 8. Qc2
c5 9. e4 dxe4 10. Nxe4 Nxe4 11. Qxe4 cxd4 12. Nxd4 Nc5 13. Qe3 e5 14. Nc6 Qd6
15. b3 e4 16. Ba3 b6 17. Bxe4 Bb7 18. Rad1 Qc7 19. Bxc5 bxc5 20. Qf4 Rac8 21.
Rd6 Rfe8 22. Bd5 Bf8 23. Bxf7+ Qxf7 24. Qxf7+ Kxf7 25. Rd7+ Kf6 26. Rxb7 Rxc6
27. Rxa7 Re7 28. Ra8 Bg7 29. Rd1 Kf7 30. Rd3 c4 31. bxc4 Rec7 32. Rf3+ Bf6 33.
a4 Rxc4 34. a5 Rxc3 35. Rf4 Kg7 36. Ra4 Be7 37. a6 Ra3 38. Rxa3 Bxa3 39. Rb8
Be7 40. Kg2 Ra7 41. Rb6 Kf7 42. h4 Bd8 43. Rb7+ Rxb7 44. axb7 Bc7 45. f4 Ke6
46. Kf3 Kd5 47. h5 gxh5 48. g4 h4 49. g5 h3 50. f5 Ke5 51. g6 hxg6 52. fxg6 Kf6
53. g7 Kxg7 54. b8=Q Bxb8 55. Kf2 Bh2 56. Kf3 Bf4 57. Kf2 1/2-1/2

[Event "Tancats Societat Coral Colon 2009 - GM"]
[Site "Sabadell ESP"]
[Date "2009.03.13"]
[Round "8.4"]
[White "Cruz, Cristhian"]
[Black "Aloma Vidal, Robert"]
[Result "1-0"]
[WhiteElo "2545"]
[BlackElo "2399"]
[PlyCount "95"]
[EventDate "2009.01.23"]
[EventType "tourn"]
[EventRounds "9"]
[EventCountry "ESP"]
[EventCategory "9"]
[Source "lmi"]
[SourceDate "2009.01.23"]

1. d4 Nf6 2. c4 g6 3. Nc3 Bg7 4. Nf3 d6 5. g3 O-O 6. Bg2 Nbd7 7. O-O e5 8. e4
exd4 9. Nxd4 Re8 10. Re1 a6 11. h3 Rb8 12. Bf4 Ne5 13. b3 c5 14. Nf3 Nfd7 15.
Rc1 Nxf3+ 16. Qxf3 Ne5 17. Qe3 b5 18. cxb5 axb5 19. Red1 b4 20. Nd5 Ra8 21. Qd2
Be6 22. Rc2 Ra6 23. Kh2 h5 24. Bg5 f6 25. Be3 Qb8 26. f4 Nc6 27. f5 gxf5 28.
Nf4 Bf7 29. exf5 h4 30. Bd5 hxg3+ 31. Kxg3 Re5 32. Bxf7+ Kxf7 33. Qd3 Ra7 34.
Ng6 Bf8 35. Nxe5+ Nxe5 36. Qd5+ Ke8 37. Bf4 Rg7+ 38. Kh2 Qc8 39. Bxe5 Qxf5 40.
Qc6+ Kf7 41. Qd5+ Ke8 42. Bxf6 Qxf6 43. Re2+ Kd8 44. Qa8+ Kc7 45. Re8 d5 46.
Qb8+ Kd7 47. Qc8+ Kd6 48. Qa6+ 1-0

[Event "Tancats Societat Coral Colon 2009 - GM"]
[Site "Sabadell ESP"]
[Date "2009.03.13"]
[Round "8.5"]
[White "Perpinya Rofes, Lluis Maria"]
[Black "Alsina Leal, Daniel"]
[Result "0-1"]
[WhiteElo "2381"]
[BlackElo "2510"]
[PlyCount "50"]
[EventDate "2009.01.23"]
[EventType "tourn"]
[EventRounds "9"]
[EventCountry "ESP"]
[EventCategory "9"]
[Source "lmi"]
[SourceDate "2009.01.23"]

1. e4 c5 2. Nc3 d6 3. f4 Nf6 4. Nf3 g6 5. d4 cxd4 6. Nxd4 Nc6 7. Be3 Bg7 8. Be2
O-O 9. Nb3 a6 10. Bf3 Be6 11. g4 Rc8 12. h4 Nd7 13. h5 Nb6 14. hxg6 fxg6 15. f5
Nc4 16. Nd5 Nxb2 17. Qe2 Ne5 18. Bb6 Qe8 19. Bd4 Bxd5 20. exd5 Rxc2 21. Qxc2
Nxf3+ 22. Kf1 Nxd4 23. Nxd4 Bxd4 24. Kg2 Be5 25. Rhf1 Qa4 0-1

[Event "Tancats Societat Coral Colon 2009 - GM"]
[Site "Sabadell ESP"]
[Date "2009.03.20"]
[Round "9.1"]
[White "Alsina Leal, Daniel"]
[Black "Rodriguez, Amador"]
[Result "1/2-1/2"]
[WhiteElo "2510"]
[BlackElo "2479"]
[PlyCount "83"]
[EventDate "2009.01.23"]
[EventType "tourn"]
[EventRounds "9"]
[EventCountry "ESP"]
[EventCategory "9"]
[Source "lmi"]
[SourceDate "2009.01.23"]

1. e4 e5 2. Nf3 Nc6 3. Bb5 Nf6 4. O-O Bc5 5. c3 O-O 6. d4 Bb6 7. Re1 d6 8. h3
Bd7 9. Na3 Re8 10. d5 Ne7 11. Bxd7 Nxd7 12. Nc4 h6 13. a4 a6 14. Nxb6 Nxb6 15.
a5 Nd7 16. b4 Rc8 17. c4 c6 18. dxc6 Rxc6 19. Nd2 Ng6 20. g3 Qf6 21. Ba3 Ngf8
22. Bb2 Ne6 23. Ra3 Qg6 24. Kh2 Ng5 25. f4 Nh7 26. f5 Qf6 27. Rd3 Qe7 28. Ba3
Rc7 29. Nf1 Rxc4 30. Ne3 Rd4 31. Nd5 Qg5 32. Rxd4 exd4 33. Bc1 Qd8 34. Qxd4 Ne5
35. Kg2 Qc8 36. Bd2 Qc2 37. Rc1 Qa2 38. Nc3 Qb2 39. Rb1 Qc2 40. Rc1 Qb2 41. Rb1
Qc2 42. Rc1 1/2-1/2

[Event "Tancats Societat Coral Colon 2009 - GM"]
[Site "Sabadell ESP"]
[Date "2009.03.20"]
[Round "9.2"]
[White "Aloma Vidal, Robert"]
[Black "Perpinya Rofes, Lluis Maria"]
[Result "1-0"]
[WhiteElo "2399"]
[BlackElo "2381"]
[PlyCount "72"]
[EventDate "2009.01.23"]
[EventType "tourn"]
[EventRounds "9"]
[EventCountry "ESP"]
[EventCategory "9"]
[Source "lmi"]
[SourceDate "2009.01.23"]

1. d4 Nf6 2. c4 g6 3. Nc3 Bg7 4. Nf3 O-O 5. e4 d6 6. h3 e5 7. dxe5 dxe5 8. Qxd8
Rxd8 9. Bg5 Na6 10. Nd5 Rd6 11. Bxf6 Bxf6 12. Rc1 c5 13. a3 Bd8 14. b4 f6 15.
Nd2 Be6 16. Be2 Rc8 17. b5 Nc7 18. O-O f5 19. Rcd1 Kg7 20. Rfe1 Ne8 21. Bf3 Bf6
22. Nf1 Bxd5 23. cxd5 Rb6 24. a4 Nd6 25. exf5 gxf5 26. g4 a6 27. bxa6 Rxa6 28.
g5 Bxg5 29. Rxe5 c4 30. Be2 c3 31. Bxa6 bxa6 32. Ne3 Nc4 33. Re6 Bxe3 34. fxe3
c2 35. Rc1 Na3 36. Rb6 Rc3 1-0

[Event "Tancats Societat Coral Colon 2009 - GM"]
[Site "Sabadell ESP"]
[Date "2009.03.20"]
[Round "9.3"]
[White "Fluvia Poyatos, Jordi"]
[Black "Cruz, Cristhian"]
[Result "1-0"]
[WhiteElo "2454"]
[BlackElo "2545"]
[PlyCount "63"]
[EventDate "2009.01.23"]
[EventType "tourn"]
[EventRounds "9"]
[EventCountry "ESP"]
[EventCategory "9"]
[Source "lmi"]
[SourceDate "2009.01.23"]

1. e4 c5 2. Nf3 d6 3. Nc3 a6 4. d4 cxd4 5. Nxd4 Nf6 6. Bg5 e6 7. f4 Nbd7 8. Qf3
Qc7 9. O-O-O b5 10. Bd3 Bb7 11. Rhe1 Qb6 12. Qe3 Be7 13. e5 Ng4 14. Qg3 Bxg5
15. Nxe6 fxe6 16. Qxg4 Bxf4+ 17. Qxf4 Nxe5 18. Be4 O-O-O 19. Bxb7+ Kxb7 20. Ne4
Qc7 21. Qg3 Rhf8 22. a4 bxa4 23. Rd4 d5 24. Ng5 Rc8 25. Rb4+ Ka8 26. c3 a3 27.
Nxe6 axb2+ 28. Kb1 Qa5 29. Nxf8 Rxf8 30. Qxe5 Qa1+ 31. Kc2 Rf2+ 32. Kd3 1-0

[Event "Tancats Societat Coral Colon 2009 - GM"]
[Site "Sabadell ESP"]
[Date "2009.03.20"]
[Round "9.4"]
[White "Almeida Quintana, Omar"]
[Black "Cruz, Filemon"]
[Result "1/2-1/2"]
[WhiteElo "2521"]
[BlackElo "2411"]
[PlyCount "41"]
[EventDate "2009.01.23"]
[EventType "tourn"]
[EventRounds "9"]
[EventCountry "ESP"]
[EventCategory "9"]
[Source "lmi"]
[SourceDate "2009.01.23"]

1. d4 d6 2. Nf3 Bg4 3. c4 c6 4. Nc3 Nd7 5. e4 e5 6. d5 Be7 7. Be2 c5 8. a3 h6
9. Ng1 Bxe2 10. Ngxe2 Bg5 11. Nb5 Nb6 12. b4 a6 13. Nbc3 cxb4 14. axb4 Nxc4 15.
Qa4+ Kf8 16. Bxg5 hxg5 17. b5 Nb6 18. Qb4 Nf6 19. O-O Ne8 20. bxa6 bxa6 21. Qa5
1/2-1/2

[Event "Tancats Societat Coral Colon 2009 - GM"]
[Site "Sabadell ESP"]
[Date "2009.03.20"]
[Round "9.5"]
[White "Moskalenko, Viktor"]
[Black "Panelo, Marcelo"]
[Result "1/2-1/2"]
[WhiteElo "2538"]
[BlackElo "2425"]
[PlyCount "58"]
[EventDate "2009.01.23"]
[EventType "tourn"]
[EventRounds "9"]
[EventCountry "ESP"]
[EventCategory "9"]
[Source "lmi"]
[SourceDate "2009.01.23"]

1. d4 d5 2. c4 c6 3. Nf3 Nf6 4. Nc3 e6 5. Bg5 dxc4 6. e4 b5 7. e5 h6 8. Bh4 g5
9. exf6 gxh4 10. Ne5 Qxf6 11. a4 Bb7 12. axb5 cxb5 13. Bxc4 a6 14. Nxb5 axb5
15. Bxb5+ Kd8 16. Rxa8 Bb4+ 17. Kf1 Bxa8 18. Qa4 Bxg2+ 19. Kxg2 Rg8+ 20. Kf1
Bd6 21. Qa5+ Bc7 22. Qc3 Rg5 23. Rg1 Qf4 24. Rxg5 hxg5 25. Qc5 Kc8 26. Kg2 f6
27. Qf8+ Bd8 28. Qc5+ Bc7 29. Qf8+ Bd8 1/2-1/2